000 00485nam a2200157 i 4500
001 45228
003 ES-MaACL
005 20230906161202.0
007 t|
008 030325s1881 fr ||||1| fre d
245 0 0 _aCode de commerce allemand et loi allemande sur le change /
_ctraduit et annotés par Paul Gide ... [et al.].
260 _aParis :
_b[s.n.],
_c1881 (
_fImp. Nationale)
300 _aLXIV, 480 p. ;
_c25 cm.
700 1 _aGide, Paul.
_956676
852 _aES-MaACL
_jG-14366
999 _c45228
_d45228